<The> Penguin Business Dictionary

Na minha lista:
Detalhes bibliográficos
Autor principal: Greener, Michael
Formato: Livro
Idioma:inglês
Publicado em: London Penguin Books 1987
Edição:1. ed.
Assuntos:
Tags: Adicionar Tag
Sem tags, seja o primeiro a adicionar uma tag!

MARC

LEADER 00000nam a2200000 4500
001 c001851
005 20221219121150.8
020 |a 0-14-051272-1 
041 0 |a eng 
044 |a GB 
245 1 0 |a <The> Penguin Business Dictionary  |c Michael Greener 
250 |a 1. ed. 
264 1 |a London  |b Penguin Books  |c 1987 
300 |a 316 s. 
610 2 0 |a obchod 
610 2 0 |a podnikanie 
610 2 0 |a angličtina 
610 2 0 |a terminológia 
100 1 |a Greener, Michael